Delivering the goods 21st century challenges to urban goods transport

Salvato in:
Dettagli Bibliografici
Natura: Libro
Lingua:inglese
Pubblicazione: Paris OECD 2003
Soggetti:
Tags: Aggiungi Tag
Nessun Tag, puoi essere il primo ad aggiungerne!!

MARC

LEADER 00000nam$a2200000$$$4500
001 0021342
005 20240314085703.2
020 |a 92-64-10280-9 
041 0 |a eng 
044 |a FR 
245 1 0 |a Delivering the goods  |b 21st century challenges to urban goods transport 
264 1 |a Paris  |b OECD  |c 2003 
300 |a 156 s. 
610 2 0 |a doprava 
610 2 0 |a logistika 
610 2 0 |a tovar 
610 2 0 |a preprava 
610 2 0 |a doprava cestná 
610 2 0 |a porovnanie medzinárodné 
610 2 0 |a svet 
610 2 0 |a OECD